Loading...
Personnel administration evaluation and executive control
| Main Author: | |
|---|---|
| Format: | Printed Book |
| Language: | English |
| Published: |
London
McGraw Hill Book Co.
1959
|
| Subjects: |
| LEADER | 00547nam a22001577a 4500 | ||
|---|---|---|---|
| 005 | 20151215130345.0 | ||
| 008 | 091201t xxu||||| |||| 00| 0 eng d | ||
| 082 | |a 658.31 |b TAY | ||
| 100 | |a Taylor, James H. |9 11439 | ||
| 245 | |a Personnel administration |b evaluation and executive control | ||
| 300 | |a ix, 326p. | ||
| 653 | |a Personnel management | ||
| 942 | |c BK |6 _ | ||
| 260 | |c 1959 |a London |b McGraw Hill Book Co. | ||
| 999 | |c 115492 |d 115492 | ||
| 952 | |0 0 |1 0 |2 ddc |4 0 |6 65831_TAY |7 0 |9 149655 |a SMS |b SMS |c GEN |d 2010-12-08 |o 658.31 TAY |p SMS000433 |r 2010-12-08 |w 2010-12-08 |y BK | ||